Designing for the museum visitor experience

Αποθηκεύτηκε σε:
Λεπτομέρειες βιβλιογραφικής εγγραφής
Κύριος συγγραφέας: Roppola, Tiina
Μορφή: Βιβλίο
Γλώσσα:English
Δημοσίευση: New York : Routledge Taylor & Francis Group, 2012
Σειρά:Routledge research in museum studies ; ; 5
Θέματα:
Ετικέτες: Προσθήκη ετικέτας
Δεν υπάρχουν, Καταχωρήστε ετικέτα πρώτοι!

MARC

LEADER 00000nam a2200000 i 4500
001 1/50851
008 140704s2012 eng d
020 |a 978-0-415-89184-4 
035 |l 10118231 
040 |a GR-MY-UA  |b gre  |e aacr 
041 0 |a eng 
082 0 |a 069  |2 (23) 
100 1 |a Roppola, Tiina. 
245 1 0 |a Designing for the museum visitor experience /  |c Tiina Roppola 
260 |a New York :   |b Routledge Taylor & Francis Group,   |c 2012 
300 |a xii, 321 Σ.;  |b εικ.;  |c 24 εκ. 
490 1 |a Routledge research in museum studies  |v ; 5 
504 |a Περιλαμβάνει βιβλιογραφικές αναφορές 
505 0 |a Envisaging the Discipline -- Exhibition Design as Mediation -- "Experience" in Museums -- Deconstructing Visitor Experience -- Framing -- Resonating -- Channelling -- Broadening -- Design for Exhibition Ecologies. 
650 0 0 |a Museum exhibits. 
650 0 0 |a Museums  |x Social aspects. 
650 0 0 |a Museum visitors. 
830 0 |a Routledge research in museum studies ;  |v ; 5 
852 |a INST  |b LESVOS  |e 20140704  |h 069 ROP  |p 005100054570  |q 005100054570  |t BK  |y 0 
901 |a BIBL1-2014-2 
909 |a Λ  |b 189442 
922 |a 1ΕΛΗ  |b 201406  |c ΤΠΤΕ  |d ΔΙΑΔΡΟΜΕΣ 
970 |a ΤΖΑΦΕΡΗ  |b ΕΥΑΓΓΕΛΙΑ  |z 2014/07/04